header

The implications of trade barriers for sectoral diversification and macroeconomic stability in developing economies (Record no. 102746)

MARC details
000 -LEADER
fixed length control field 01438nam a2200325Ia 4500
100 1# - MAIN ENTRY--AUTHOR NAME
Personal name Srour, Gabriel,
245 14 - TITLE STATEMENT
Title The implications of trade barriers for sectoral diversification and macroeconomic stability in developing economies
260 ## - PUBLICATION, DISTRIBUTION, ETC. (IMPRINT)
Place of publication [Washington, D.C.] :
Name of publisher International Monetary Fund, IMF Institute,
Year of publication 2006.
300 ## - PHYSICAL DESCRIPTION
Number of Pages 24 p.
490 1# - SERIES STATEMENT
Series statement IMF working paper ;
500 ## - GENERAL NOTE
General note "February 2006".
650 #0 - SUBJECT ADDED ENTRY--TOPICAL TERM
Topical Term Non-tariff trade barriers
856 40 - ELECTRONIC LOCATION AND ACCESS
Uniform Resource Identifier http://site.ebrary.com/lib/rucke/Doc?id=10380742

No items available.

© 2026 Rongo University
Contact us: librarian | system librarian | Rongo university